000 00850cab a2200265 4500
001 ABS58515
008 090401t1998 xxu||||| |||| 00| 0 eng d
035 _a(Sirsi) u85495
041 _aeng
100 _aPilvang, C.
245 _aEnvironmental management in project design
260 _c1998
350 _a0
490 _aBuilding Research and Information
_v26(2) 1998, 113-117(5)
520 _aBackground and assessment on a Danish development project, which aims to make environmental management in project design an integral part of building and construction project design.
650 _aDENMARK
650 _aDESIGN AND BUILD
650 _aENVIRONMENTAL MANAGEMENT
650 _aPROJECT DESIGN
690 _aBUILT ENVIRONMENT
690 _aOVERSEAS-EUROPE
700 _aSutherland, I.
942 _n0
948 _c08/04/1998
999 _c53759
_d53759